Modern American history

Detalles Bibliográficos
Formato: Electrónico Revista
Lenguaje:inglés
Publicado: Cambridge : Cambridge University Press, 2018-
Materias:
Acceso en línea:Full text available from Research Library: 03/01/2018 to 1 year ago

MARC

LEADER 00000nas a2200000 i 4500
001 ssj0002013774
003 WaSeSS
005 20200512172242.0
006 m d
007 cr n
008 151112c20189999enktr p s 0 a0eng c
010 |a  2018254026 
015 |a GBB878004  |2 bnb 
016 7 |a 017614139  |2 Uk 
022 |a 2397-1851  |l 2397-1851  |y 2515-0456 
035 |a (WaSeSS)ssj0002013774 
037 |b Portico  |n Cambridge University Press 
040 |a NLE  |b eng  |e pn  |c NLE  |d NLE  |d NRC  |d OCLCO  |d CNCGM  |d OCLCF  |d UAB  |d CUS  |d OCLCQ  |d UKMGB  |d DLC  |d VT2  |d AU@  |d OCL  |d WaSeSS 
042 |a pcc 
043 |a n-us--- 
050 1 4 |a E740  |b .M63 
130 0 |a Modern American history (Cambridge, England) 
210 0 |a Mod. Am. hist.  |b (Camb., Online) 
222 0 |a Modern American history  |b (Cambridge. Online) 
245 1 0 |a Modern American history  |h [electronic resource]. 
246 1 |a MAH 
260 |a Cambridge :  |b Cambridge University Press,  |c 2018- 
310 |a Three times a year 
362 1 |a Began with Volume 1, issue 1 (March 2018). 
506 |a License restrictions may limit access. 
588 |a Description based on: Volume 1, issue 1 (March 2018); title from PDF running title (Cambridge University Press website, viewed May 23, 2018). 
588 |a Latest issue consulted: Volume 1, issue 1 (March 2018) (viewed May 23, 2018). 
648 7 |a 1900-1999  |2 fast 
651 0 |a United States  |x History  |y 20th century  |v Periodicals. 
651 7 |a United States.  |2 fast  |0 (OCoLC)fst01204155 
655 0 |a Electronic journals. 
776 0 8 |i Print version:  |t Modern American history (Cambridge, England)  |x 2515-0456  |w (DLC) 2018238112  |w (OCoLC)1040596683 
856 4 0 |z Full text available from Research Library: 03/01/2018 to 1 year ago  |u https://search.proquest.com/publication/4039927